Little Red Riding Hood / (Record no. 11836)
[ view plain ]
| 000 -LEADER | |
|---|---|
| fixed length control field | 01055cam a2200325 a 4500 |
| 001 - CONTROL NUMBER | |
| control field | 3750427 |
| 003 - CONTROL NUMBER IDENTIFIER | |
| control field | PILC |
| 005 - DATE AND TIME OF LATEST TRANSACTION | |
| control field | 20151021153608.0 |
| 008 - FIXED-LENGTH DATA ELEMENTS--GENERAL INFORMATION | |
| fixed length control field | 820427s1983 nyua j 000 0 eng |
| 010 ## - LIBRARY OF CONGRESS CONTROL NUMBER | |
| LC control number | 82007700 |
| 020 ## - INTERNATIONAL STANDARD BOOK NUMBER | |
| International Standard Book Number | 9789831480960 |
| 040 ## - CATALOGING SOURCE | |
| Original cataloging agency | DLC |
| Transcribing agency | DLC |
| Modifying agency | DLC |
| 042 ## - AUTHENTICATION CODE | |
| Authentication code | lcac |
| 050 00 - LIBRARY OF CONGRESS CALL NUMBER | |
| Classification number | PZ 8 |
| Item number | .L778 1983 |
| 082 00 - DEWEY DECIMAL CLASSIFICATION NUMBER | |
| Classification number | GS 398.21 |
| Item number | F27l 2006 |
| 100 1# - MAIN ENTRY--PERSONAL NAME | |
| Personal name | Hyman, Trina Schart. |
| 9 (RLIN) | 21172 |
| 245 10 - TITLE STATEMENT | |
| Title | Little Red Riding Hood / |
| Statement of responsibility, etc | by the Brothers Grimm retold and illustrated by Trina Schart Hyman. |
| 250 ## - EDITION STATEMENT | |
| Edition statement | 1st ed. |
| 260 ## - PUBLICATION, DISTRIBUTION, ETC. (IMPRINT) | |
| Place of publication, distribution, etc | New York : |
| Name of publisher, distributor, etc | Holiday House, |
| Date of publication, distribution, etc | c1983. |
| 300 ## - PHYSICAL DESCRIPTION | |
| Extent | [32] p. : |
| Other physical details | col. ill. ; |
| Dimensions | 25 cm. |
| 520 ## - SUMMARY, ETC. | |
| Summary, etc | On her way to deliver a basket of food to her sick grandmother, Elisabeth encounters a sly wolf. |
| 562 ## - COPY AND VERSION IDENTIFICATION NOTE | |
| Number of copies | for library use only |
| 650 #1 - SUBJECT ADDED ENTRY--TOPICAL TERM | |
| Topical term or geographic name as entry element | Fairy tales. |
| 9 (RLIN) | 3114 |
| 650 #1 - SUBJECT ADDED ENTRY--TOPICAL TERM | |
| Topical term or geographic name as entry element | Folklore |
| Geographic subdivision | Germany. |
| 9 (RLIN) | 21173 |
| 730 0# - ADDED ENTRY--UNIFORM TITLE | |
| Uniform title | Rotkäppchen. |
| 9 (RLIN) | 21174 |
| 730 0# - ADDED ENTRY--UNIFORM TITLE | |
| Uniform title | Little Red Riding Hood. |
| Language of a work | English. |
| 9 (RLIN) | 21175 |
| 906 ## - LOCAL DATA ELEMENT F, LDF (RLIN) | |
| a | 7 |
| b | cbc |
| c | orignew |
| d | 1 |
| e | ocip |
| f | 19 |
| g | y-gencatlg |
| 942 ## - ADDED ENTRY ELEMENTS (KOHA) | |
| Source of classification or shelving scheme | Library of Congress Classification |
| Koha item type | AudioBooks |
| Withdrawn status | Lost status | Source of classification or shelving scheme | Damaged status | Home library | Current library | Shelving location | Date acquired | Total Checkouts | Full call number | Barcode | Date last seen | Copy number | Price effective from | Koha item type |
|---|---|---|---|---|---|---|---|---|---|---|---|---|---|---|
| Library of Congress Classification | Luxembourg Library | Luxembourg Library | Grade School Section | 09/20/2013 | PZ 8 .L778 1983 | 16890 | 06/10/2017 | 1 | 09/20/2013 | Books |